Normal view
MARC view
Entry Topical Term
001 - CONTROL NUMBER
- control field: 201214
003 - CONTROL NUMBER IDENTIFIER
- control field:
005 - DATE AND TIME OF LATEST TRANSACTION
- control field: 20210601195805.0
008 - FIXED-LENGTH DATA ELEMENTS
- fixed length control field: 210601|| aca||aabn | a|a d
040 ## - CATALOGING SOURCE
- Original cataloging agency:
- Transcribing agency:
150 ## - HEADING--TOPICAL TERM
- Topical term or geographic name entry element: Women in education
670 ## - SOURCE DATA FOUND
- Source citation: Work cat.: (): 880-01 विवेकानंद, स्वामी, 1863-1902 198391, शिक्षा /, 1989
